Investing in health (Record no. 19994)
[ view plain ]
| 000 -LEADER | |
|---|---|
| fixed length control field | 01634nam a22003734a 4500 |
| 082 04 - DEWEY DECIMAL CLASSIFICATION NUMBER | |
| Classification number | 362.1/09172/4 |
| 100 1# - MAIN ENTRY--AUTHOR NAME | |
| Personal name | Johnston, Timothy A. |
| 245 10 - TITLE STATEMENT | |
| Title | Investing in health |
| 260 ## - PUBLICATION, DISTRIBUTION, ETC. (IMPRINT) | |
| Place of publication | Washington, DC : |
| Name of publisher | The World Bank, |
| Year of publication | 1999. |
| 300 ## - PHYSICAL DESCRIPTION | |
| Number of Pages | xix, 71 p. : |
| Other physical details | ill. |
| 490 1# - SERIES STATEMENT | |
| Series statement | Operations evaluation study |
| 650 #0 - SUBJECT ADDED ENTRY--TOPICAL TERM | |
| Topical Term | Public health administration |
| Topical Term | Nutrition policy |
| Topical Term | Public health |
| 700 1# - ADDED ENTRY--PERSONAL NAME | |
| Personal name | Stout, Susan, |
| 856 40 - ELECTRONIC LOCATION AND ACCESS | |
| Uniform Resource Identifier | http://site.ebrary.com/lib/rucke/Doc?id=5007383 |
No items available.
